000 00903nam a22003137a 4500
001 BR6700061
003 BR-BrBNA
005 20230928083444.0
007 ta
008 230509b bl.||||| |||| 00| 0 por d
040 _aBR-BrBNA
_bpor
_cBiblioteca Nacional de Agricultura
041 _a(Por)
072 _aE70; L00
_b6100
_b9600
_b/G514
090 _ 6100 BR6700061
110 1 _aFundacao para o Desenvolvimento Industrial do Nordeste, Recife, PE (Brasil)
_95017
245 1 _aAbastecimento do Recife: aves e ovos [Comercializacao; Producao animal; Brasil]
260 3 _aRecife, PE (Brasil):
_c1967.
300 _a25 p.
500 _a11 tables
650 _aComercializacao
650 _aProducao animal
650 _aOvo
650 _aGalinha
650 _aMercado
650 _aPolitica de abastecimento
650 _aRecife
909 _a202309
_bLucia
_c55
_dLucia Elande
942 _cBK
999 _c13572
_d13572